Normal view MARC view

Entry Nombre personal

Number of records used in: 2

001 - NÚMERO DE CONTROL

  • campo de control: 154598

003 - IDENTIFICADOR DE NÚMERO DE CONTROL

  • campo de control: SpMaBN

005 - FECHA Y HORA DE LA ÚLTIMA TRANSACCIÓN

  • campo de control: 20240123210010.0

008 - ELEMENTOS DE DATO DE LONGITUD-FIJA

  • campo de control de longitud fija: 031112n| aijnnaabn |a aac

016 ## - NÚMERO DE CONTROL DE UNA AGENCIA BIBLIOGRÁFICA NACIONAL

  • Número de control del registro: BNE20032995230

040 ## - FUENTE DE CATALOGACIÓN

  • Centro catalogador/agencia de origen: SpMaBN
  • Lengua de catalogación: spa
  • Centro/agencia transcriptor: SpMaBN
  • Normas de descripción: rdc
  • Convención/Normas de encabezamiento de materia/tesauro: embne

046 ## - FECHAS CON CODIFICACIÓN ESPECIAL

  • Fecha de nacimiento: 1973

100 1# - ENCABEZAMIENTO-NOMBRE DE PERSONA

  • Nombre de persona: Barreiro Gordillo, Cristina,
  • Fechas asociadas al nombre: 1973-

375 ## - GÉNERO/SEXO

  • Género: Femenino

400 1# - TRAZADO DE VÉASE--NOMBRE DE PERSONA

  • Nombre de persona: Barreiro, Cristina,
  • Fechas asociadas al nombre: 1973-

670 ## - FUENTE DE DATOS ENCONTRADOS

  • Cita de la fuente: El carlismo y su red de prensa en la Segunda República, 2003
  • Información encontrada: port. (Cristina Barreiro Gordillo) solapa (n. 1973, en el Ferrol; periodista)

670 ## - FUENTE DE DATOS ENCONTRADOS

  • Cita de la fuente: Las hijas de Isabel II, 2022
  • Información encontrada: portada (Cristina Barreiro)